00660 2200241 4500001002100000005001500021035002000036007000300056008004100059020002200100082001000122084001600132100002300148245008600171250001000257260003400267300003700301650001800338700002200356700001600378990001200394990001200406INLIS00000000000374820190717021111 a0010-0719000166ta190717 d h ind  a978-602-71445-2-1 a741.5 a741.5 RUD t0 aRUDIANSYAH, Sadewa1 aTeenlicious Comic /cRudiansyah Sadewa, Putri Ade Olivia, dkk; editor, Tina Leoni acet.1 aJakarta :bLintas Kata,c2014 aiii, 103 hlm. :bilus. ;c20 cm. 4aKOMIK. BACAAN0 aPUTRI, Ade Olivia0 aTINA, Leoni a16170 a a16170 b